00671nam a2200193Ia 4500952015500000999001700155003000400172005001700176008004100193020001800234040000900252082002300261100002000284245005800304260004000362300000900402650001400411942005200425 00102ddc40708ECONOMICSaMESbMEScECO d2019-02-20g275.00l2m2o330.9540532 DEE/Ip36051r2023-10-17 14:31:32s2023-09-13w2019-02-20yBKzGL4R2 c11132d11132OSt20191218153254.0190216s9999||||xx |||||||||||||| ||und|| a9789380618494 coclc a330.9540532bDEE/I aDeepashree9530 0aIndian Economy Performance And Policies /cDeepashree bAne Books India,c2011.aNew Delhi: a481p aEconomics cBK2ddch330.9540532iDEE/Ik330.9540532mDEE/I